000 01248nam0a22003131 4500
001 v19\rc\1697210
005 20260407142746.0
035 _a(NLR Aleph) 004799840
090 _a4817411
_c4817411
100 _a20061002d1898 |||y0rusy50 ca
101 0 _arus
102 _aRU
105 _ac z |||c|
200 1 _aИсторический очерк кафедры ботаники в Императорской Военно-медицинской академии. (1798-1898)
_fСост. проф. И.П. Бородин
210 _aСанкт-Петербург
_cтип. М-ва вн. дел
_d1898
215 _a40 с.
_cпортр.
_d24
320 _aБиблиогр.: Списки трудов профессоров кафедры - в тексте
700 1 _aБородин
_bИ.П.
_f1847-1930
_gИван Парфеньевич
_4220
712 0 2 _aВоенно-медицинская академия
_cПетербург
_3RU\NLR\AUTH\8810013557
_9525018
801 0 _aRU
_bNLR
_gpsbo
801 0 _aRU
_bRuMoRGB
_2psbo
801 1 _aRU
_bProSoft-M
_2rusmarc
852 _aNLR
_j20.101.3.165
899 _aRuMoRGB
_jV 112/1119
899 _aRuMoRGB
_jV 208/647
899 _aБАН
899 _aНБ МГУ
942 _cBOOK
980 _aNB